Sensores y acondicionadores de señal
Guardat en:
| Autor principal: | |
|---|---|
| Format: | Llibre |
| Idioma: | espanyol |
| Publicat: |
Ciudad de México
Alfaomega
2001
|
| Edició: | 3a. ed |
| Matèries: | |
| Etiquetes: |
Afegir etiqueta
Sense etiquetes, Sigues el primer a etiquetar aquest registre!
|
MARC
| LEADER | 00000nam a2200000 a 4500 | ||
|---|---|---|---|
| 001 | UCM6666 | ||
| 003 | CL-VaPUC | ||
| 008 | 021122e20010000MX |||||||||||||||||spa|d | ||
| 020 | |a 9701505778 | ||
| 082 | 0 | 4 | |a 621.3815 |b PAL |2 21 |
| 100 | |a Pallás Areny, Ramón |e autor |9 472439 | ||
| 245 | 1 | 0 | |a Sensores y acondicionadores de señal |
| 250 | |a 3a. ed | ||
| 300 | |a 480 p | ||
| 942 | |c BK | ||
| 945 | |d 20021122 00:00:00 |a vberengu | ||
| 260 | |a Ciudad de México |b Alfaomega |c 2001 | ||
| 650 | 0 | |a Transductores |9 263437 | |
| 650 | 0 | |a Sensores |9 306935 | |
| 583 | |a last modification |c 20021122 00:00:00 |k Rodrigo Vera | ||
| 999 | |c 301902 |d 301900 | ||
| 952 | |0 0 |1 0 |2 ddc |4 0 |6 621_381500000000000_PAL_2001 |7 0 |8 A |9 361675 |a BIBING |b BIBING |c RES |d 2019-11-21 |i 3855872 |o 621.3815 PAL 2001 |p 3855872 |r 2025-01-20 |w 2019-11-21 |y BK |k EIE | ||
| 952 | |0 0 |1 0 |2 ddc |4 0 |6 621_381500000000000_PAL_2001 |7 0 |8 A |9 361676 |a BIBING |b BIBING |c RES |d 2019-11-21 |i 3855880 |o 621.3815 PAL 2001 |p 3855880 |r 2025-01-20 |w 2019-11-21 |y BK |k EIE | ||
| 952 | |0 0 |1 0 |2 ddc |4 0 |6 621_381500000000000_PAL_2001 |7 0 |8 A |9 361677 |a BIBING |b BIBING |c RES |d 2019-11-21 |i 3855899 |o 621.3815 PAL 2001 |p 3855899 |r 2025-01-20 |w 2019-11-21 |y BK |k EIE | ||
| 952 | |0 0 |1 0 |2 ddc |4 0 |6 621_381500000000000_PAL_2001 |7 0 |8 A |9 361678 |a BIBING |b BIBING |c RES |d 2019-11-21 |i 3855902 |o 621.3815 PAL 2001 |p 3855902 |r 2025-01-20 |w 2019-11-21 |y BK |k EIE | ||
| 952 | |0 0 |1 0 |2 ddc |4 0 |6 621_381500000000000_PAL_2001 |7 0 |8 A |9 361679 |a BIBING |b BIBING |c RES |d 2019-11-21 |i 3855910 |o 621.3815 PAL 2001 |p 3855910 |r 2025-01-20 |w 2019-11-21 |y BK |k EIE | ||
| 952 | |0 0 |1 0 |2 ddc |4 0 |6 621_381500000000000_PAL_2001 |7 0 |8 A |9 361680 |a BIBING |b BIBING |c RES |d 2019-11-21 |i 3855929 |o 621.3815 PAL 2001 |p 3855929 |r 2025-01-20 |w 2019-11-21 |y BK |k EIE | ||
| 952 | |0 0 |1 0 |2 ddc |4 0 |6 621_381500000000000_PAL_2001 |7 0 |8 A |9 361681 |a BIBING |b BIBING |c RES |d 2019-11-21 |i 3855937 |o 621.3815 PAL 2001 |p 3855937 |r 2025-01-20 |w 2019-11-21 |y BK |k EIE | ||
| 952 | |0 0 |1 0 |2 ddc |4 0 |6 621_381500000000000_PAL_2001 |7 0 |8 A |9 361682 |a BIBING |b BIBING |c RES |d 2019-11-21 |i 3855945 |o 621.3815 PAL 2001 |p 3855945 |r 2025-01-20 |w 2019-11-21 |y BK |k EIE | ||
| 952 | |0 0 |1 0 |2 ddc |4 0 |6 621_381500000000000_PAL_2001 |7 0 |8 A |9 361683 |a BIBING |b BIBING |c RES |d 2019-11-21 |i 3855953 |o 621.3815 PAL 2001 |p 3855953 |r 2025-01-20 |w 2019-11-21 |y BK |k EIE | ||
| 952 | |0 0 |1 0 |2 ddc |4 0 |6 621_381500000000000_PAL_2001 |7 0 |8 A |9 361684 |a BIBING |b BIBING |c RES |d 2019-11-21 |i 3855961 |o 621.3815 PAL 2001 |p 3855961 |r 2025-01-20 |w 2019-11-21 |y BK |k EIE | ||
| 952 | |0 0 |1 0 |2 ddc |4 0 |6 621_381500000000000_PAL_2001 |7 0 |8 A |9 361685 |a BIBING |b BIBING |c RES |d 2019-11-21 |i 4029143 |o 621.3815 PAL 2001 |p 4029143 |r 2025-01-20 |w 2019-11-21 |y BK |k EIE | ||